• 首页
  • 本馆介绍
  • 公告通知
  • 最新文献
  • 馆藏检索
  • 电子资源
  • 读者导购
  • 参考咨询
  • 我的图书馆
  • 登录
  • 详细信息显示
  • 放入我的书架
  • 预约/预借图书
  • 作者相关作品
  • 分类相关作品
  • 丛书相关作品
  • 出版社相关作品

书目信息

  • 表格格式
  • 工作单格式
  • 卡片格式
题名:
劳动教育理论与实践
    
 
作者: 彭全 , 何志昌 主编
分册:  
出版信息: 成都   电子科技大学出版社  2020.08
页数: 199页
开本: 26cm
丛书名:
单 册:
中图分类: G40-015
科图分类:
主题词: 大学生--劳动教育--职业大学--教材
电子资源:
ISBN: 978-7-5647-8237-5
000 01356nam0 2200253 450
001 0102100414
005 20210402100819.0
010    @a978-7-5647-8237-5@dCNY29.80
100    @a20201226d2020 em y0chiy50 ea
101 0  @achi
102    @aCN@b510000
105    @aa z 000yy
106    @ar
200 1  @a劳动教育理论与实践@Alao dong jiao yu li lun yu shi jian@e微课版@f彭全, 何志昌主编
210    @a成都@c电子科技大学出版社@d2020.08
215    @a199页@c图@d26cm
300    @a全国职业院校劳动教育精品教材“互联网+”新形态教材
330    @a本书以学生的成长规律和认知水平为基础,以培养学生的生存所依赖的劳动和职业素养为目标,以强化学生认知、提高技能为关键,以案例导入和课堂活动为载体,共由三个部分八个模块构成。第一部分“劳动认知”由“劳动观念和劳动教育”“劳动法律权益和安全防护”和“劳动素养修炼与提升”三个模块构成,着力于提高学生对劳动的全面认识暨职场安全保护和职场权益法律保障。第二部分“劳动实践”由“家庭劳动实践指导”“学校劳动实践指导”和“职场劳动实践指导”三个模块构成,着力于提高学生在不同场景下的劳动技能。第三部分“职业素养”由“职业意识和职业精神”与“职业化和岗位素养”两个模块构成,着力于职业素养的修炼与提升。
606 0  @a大学生@x劳动教育@x职业大学@j教材
690    @aG40-015@v5
701  0 @a彭全@Apeng quan@4主编
701  0 @a何志昌@Ahe zhi chang@4主编
801  0 @aCN@bBJSZM@c20210402
905    @b1274955-9@dG40-015@e1223@f5
    
    劳动教育理论与实践:微课版/彭全, 何志昌主编.-成都:电子科技大学出版社,2020.08
    199页:图;26cm
    全国职业院校劳动教育精品教材“互联网+”新形态教材
    
    ISBN 978-7-5647-8237-5:CNY29.80
    本书以学生的成长规律和认知水平为基础,以培养学生的生存所依赖的劳动和职业素养为目标,以强化学生认知、提高技能为关键,以案例导入和课堂活动为载体,共由三个部分八个模块构成。第一部分“劳动认知”由“劳动观念和劳动教育”“劳动法律权益和安全防护”和“劳动素养修炼与提升”三个模块构成,着力于提高学生对劳动的全面认识暨职场安全保护和职场权益法律保障。第二部分“劳动实践”由“家庭劳动实践指导”“学校劳动实践指导”和“职场劳动实践指导”三个模块构成,着力于提高学生在不同场景下的劳动技能。第三部分“职业素养”由“职业意识和职业精神”与“职业化和岗位素养”两个模块构成,着力于职业素养的修炼与提升。
●
相关链接 在E读中查询图书 在五车中查询图书 在当当中查询图书 在豆瓣中查询图书


正题名:劳动教育理论与实践     索取号:G40-015/1223         预约/预借

序号 登录号 条形码 馆藏地/架位号 状态 备注
1 1274955   212749551   第一样本阅览室/ [索取号:G40-015/1223] 在馆    
2 1274956   212749560   教育系资料室/ [索取号:G40-015/1223] 在馆    
3 1274957   212749579   教育系资料室/ [索取号:G40-015/1223] 在馆    
4 1274958   212749588   第四借阅区/ [索取号:G40-015/1223] 在馆    
5 1274959   212749597   第四借阅区/ [索取号:G40-015/1223] 在馆    
唐山师范学院图书馆 欢迎您!
大连网信软件有限公司© 版权所有